00621cam a22002173a 450000100030000000300060000300500170000900800410002604000150006704200070008205000070008910000460009624500690014226000290021150600300024051600200027065300360029065300120032683000260033885600390036454PGUSA20140828082942.0930201s1993||||xxu|||||s|||||000 1 eng d aPGUSAbeng adc 4aPZ1 aBaum, L. Frankq(Lyman Frank),d1856-191914aThe Marvelous Land of Ozh[electronic resource] /cL. Frank Baum bProject Gutenberg,c1993 aPublic domain in the USA. aElectronic text aOz (Imaginary place) -- Fiction aFantasy 0aProject Gutenbergv5440uhttp://www.gutenberg.org/ebooks/54